000 00458nam a22001577a 4500
999 _c3029
_d3029
008 200319b ||||| |||| 00| 0 eng d
082 0 0 _a536.2
_bB87717
100 _92621
_aBrown, Aubrey I.
245 1 0 _aIntroduction to Heat Transfer /
_cby Aubrey I. Brown and Salvatore M. Macro
250 _a3rd ed.
260 _aNew York
_bMcGraw-Hill
_c1958
300 _axvi, 332 p.
650 0 _aHeat Transmission
700 _92622
_aMarco, Salvatore M.
942 _cBK